Vamos a ayudar! / (Record no. 23281)

MARC details
000 -LEADER
fixed length control field 01230cam a2200337 a 4500
001 - CONTROL NUMBER
control field 6160498
003 - CONTROL NUMBER IDENTIFIER
control field OCoLC
005 - DATE AND TIME OF LATEST TRANSACTION
control field 20190830155531.0
008 - FIXED-LENGTH DATA ELEMENTS--GENERAL INFORMATION
fixed length control field 061116s2006 mnua b 001 0 spa
010 ## - LIBRARY OF CONGRESS CONTROL NUMBER
LC control number 2005015616
020 ## - INTERNATIONAL STANDARD BOOK NUMBER
International Standard Book Number 0736873511 (hbk.)
020 ## - INTERNATIONAL STANDARD BOOK NUMBER
International Standard Book Number 9780736873512 (hbk.)
040 ## - CATALOGING SOURCE
Original cataloging agency LD4
Transcribing agency LD4
Modifying agency SPP
-- BTCTA
-- OCLCQ
-- TEF
-- BAKER
-- XY4
041 1# - LANGUAGE CODE
Language code of text/sound track or separate title spa
Language code of original eng
050 #4 - LIBRARY OF CONGRESS CALL NUMBER
Classification number HN49.C6
Item number R5618 2006
100 1# - MAIN ENTRY--PERSONAL NAME
Personal name Ring, Susan.
240 10 - UNIFORM TITLE
Uniform title <a href="Helping hands.">Helping hands.</a>
Language of a work Spanish.
245 10 - TITLE STATEMENT
Title Vamos a ayudar! /
Statement of responsibility, etc. por Susan Ring ; consultant, Dwight Herold ; [adapted translation, Gloria Ramos].
260 ## - PUBLICATION, DISTRIBUTION, ETC. (IMPRINT)
Place of publication, distribution, etc. Bloomington, Minn. :
Name of publisher, distributor, etc. Red Brick Learning :
-- Capstone Press,
Date of publication, distribution, etc. c2006.
300 ## - PHYSICAL DESCRIPTION
Extent 17 p. :
Other physical details col. ill. ;
Dimensions 21 cm.
440 #0 - SERIES STATEMENT/ADDED ENTRY--TITLE
Title Libros sombrilla amarilla para lectores principiantes.
Number of part/section of a work Nivel A,
Name of part/section of a work Ciencias sociales.
500 ## - GENERAL NOTE
General note Includes index.
520 ## - SUMMARY, ETC.
Summary, etc. Describes various ways that people can help eachother in a community.
650 #0 - SUBJECT ADDED ENTRY--TOPICAL TERM
Topical term or geographic name as entry element Community development
Form subdivision Juvenile literature.
650 #0 - SUBJECT ADDED ENTRY--TOPICAL TERM
Topical term or geographic name as entry element Spanish language materials.
650 #0 - SUBJECT ADDED ENTRY--TOPICAL TERM
Topical term or geographic name as entry element Bilingual books
General subdivision Spanish and English.
650 #1 - SUBJECT ADDED ENTRY--TOPICAL TERM
Topical term or geographic name as entry element Spanish language
Form subdivision Children's books.
650 #1 - SUBJECT ADDED ENTRY--TOPICAL TERM
Topical term or geographic name as entry element Community development.
700 1# - ADDED ENTRY--PERSONAL NAME
Personal name Ramos, Gloria.
942 ## - ADDED ENTRY ELEMENTS (KOHA)
Koha item type Libro/Book
Holdings
Withdrawn status Lost status Damaged status Not for loan Home library Current library Date acquired Inventory number Total Checkouts Barcode Date last seen Date checked out Price effective from Koha item type Shelving location Total Renewals Full call number
        San Juan Del Sur -- Biblioteca San Juan Del Sur -- Biblioteca 20/01/2015   7 33002087 29/01/2020 13/06/2017 20/01/2015 Libro/Book      
        San Juan Del Sur -- Mobile San Juan Del Sur -- Mobile 08/05/2014 Inventory date: 10-2-25 10 33011452 05/02/2024 23/10/2019 08/05/2014 Libro/Book Children's Area   JFI
        Zaragoza -- Satellite Zaragoza -- Satellite 18/04/2014 Inventory date: 7/7/25 1 35500850 08/05/2014 07/05/2014 18/04/2014 Libro/Book      
        Zaragoza -- Satellite Zaragoza -- Satellite 08/05/2014 Inventory date: 7/7/25 2 35500768 15/02/2017 15/02/2017 08/05/2014 Libro/Book      

Powered by Koha